Online
Catalog

El arte de amar : (Record no. 34335)

MARC details
000 -CABECERA
campo de control de longitud fija 00788cam a2200229 a 4500
001 - NÚMERO DE CONTROL
campo de control 000034844
005 - FECHA Y HORA DE LA ÚLTIMA TRANSACCIÓN
campo de control 20260119094801.0
008 - DATOS DE LONGITUD FIJA--INFORMACIÓN GENERAL
campo de control de longitud fija 000119s1966 sp b 000 0 spa
040 ## - FUENTE DE LA CATALOGACIÓN
Centro catalogador/agencia de origen DO-SdBNP
Lengua de catalogación spa
Centro/agencia transcriptor BNPHU
082 ## - NÚMERO DE LA CLASIFICACIÓN DECIMAL DEWEY
Número de clasificación 152.41
Número de documento/Ítem F932a
049 ## - FONDOS LOCALES (OCLC)
Fondos de biblioteca BNGR
100 1# - ENTRADA PRINCIPAL--NOMBRE DE PERSONA
Nombre de persona Fromm, Erich
9 (RLIN) 51429
240 10 - TÍTULO UNIFORME
Título uniforme The art of loving
Lenguaje de la obra español
245 14 - MENCIÓN DE TÍTULO
Título El arte de amar :
Resto del título una investigación sobre la naturaleza del amor /
Mención de responsabilidad, etc. Erich Fromm ; versión castellana Noemí Rosenblatt.
260 ## - PUBLICACIÓN, DISTRIBUCIÓN, ETC.
Lugar de publicación, distribución, etc. Barcelona :
Nombre del editor, distribuidor, etc. Paidos,
Fecha de publicación, distribución, etc. 1966.
300 ## - DESCRIPCIÓN FÍSICA
Extensión 155 p. ;
Dimensiones 18 cm.
500 ## - NOTA GENERAL
Nota general Traducido del inglés
590 ## - NOTA LOCAL (RLIN)
Nota local Perteneció a la biblioteca personal de Juan Isidro Jimenes Grullón
650 #0 - PUNTO DE ACCESO ADICIONAL DE MATERIA--TÉRMINO DE MATERIA
Término de materia o nombre geográfico como elemento de entrada Amor
9 (RLIN) 1688
700 12 - PUNTO DE ACCESO ADICIONAL--NOMBRE DE PERSONA
Nombre de persona Noemí Rosenblatt
Término indicativo de función/relación tr.
9 (RLIN) 60372
910 ## - DATOS DE OPCIÓN DEL USUARIO (OCLC)
Datos de opción del usuario Validado. Control de calidad MFF
Holdings
Estado de retiro Estado de pérdida Restricciones de uso No para préstamo Código de colección Localización permanente Ubicación/localización actual Ubicación en estantería Fecha de adquisición Número de inventario Total de préstamos Signatura topográfica completa Código de barras Fecha visto por última vez Precio válido a partir de Tipo de ítem Koha Nota pública
      Excluido de préstamo Monografías: Libros y Folletos General General Depósito 20.10.2011 LF1   152.41 F932a 34844-10 25.06.2020 25.06.2020 No se presta Perteneció a la biblioteca personal de Juan Isidro Jimenes -Grullón

Powered by Koha